000
00315nam a2200145Ia 4500
100
_a
Tinnell/richard W.
942
_c
BK
654
_a
microwave
245
_a
Introductory microwave techniques
260
_b
prentice hall press
082
_a
621.38153
_b
TIN
300
_a
131
546
_a
ENGLISH
999
_c
24928
_d
24928